00430nam a22001457a 450000500170000002000180001704100120003508200160004710000240006324501470008725000070023426000240024130000080026536500110027320260616120634.0 a9788198810564 aEnglish aT16 R25 STE aStephen Jeyaseela S aThamzhagath Thuni Urpaththi Mattrum Vanigap Porulaathaaraththin Valamaiyum Dutchu Kizhakkinthiyha Niruvanathkthin Muthalalithuvamum, 1610-1794 a01 aChennaibNCBHc2025 a160 b150.00